| 000 | 01010nam a22002537a 4500 | ||
|---|---|---|---|
| 005 | 20240530110908.0 | ||
| 008 | 220303s2009 ua g 000 0 ara d | ||
| 017 |
_a2009/19527 _bمصر. دار الكتب |
||
| 020 | _a9789773133267 | ||
| 040 |
_aEG-CaGPL _cEG-CaGPL |
||
| 082 | 0 | 4 |
_221 _a320.51/ _bم ل |
| 245 | 0 | 2 |
_aالليبرالية فى العالم العربى : _bرؤى وتصورات لسيلسيين عرب / _cرونالد ميناردوس، احمد ناجى |
| 250 | _aط.1 | ||
| 260 |
_aالقاهرة : _bمركز المحروسة للنشر والخدمات الصحفية والمعلومات، _c2009. |
||
| 300 |
_a79 ص. ؛ _c24 سم. |
||
| 650 | 0 | 7 |
_2qrmak _aالليبرالية |
| 650 | 0 | 7 |
_2qrmak _aالراديكالية |
| 650 | 0 | 7 |
_2qrmak _aالمذاهي السياسية |
| 651 | _2qrmak | ||
| 700 | 1 |
_aميناردوس، رونالد _eمحرر |
|
| 700 | 0 |
_aاحمد ناجى _eمحرر مشارك |
|
| 942 |
_2ddc _cBK |
||
| 999 |
_c66258 _d66258 |
||